Research methods for architecture (Record no. 7444)
[ view plain ]
| 000 -LEADER | |
|---|---|
| fixed length control field | 00405nam a2200169Ia 4500 |
| 003 - CONTROL NUMBER IDENTIFIER | |
| control field | OSt |
| 005 - DATE AND TIME OF LATEST TRANSACTION | |
| control field | 20240315132509.0 |
| 008 - FIXED-LENGTH DATA ELEMENTS--GENERAL INFORMATION | |
| fixed length control field | 200302s9999 xx 000 0 und d |
| 020 ## - INTERNATIONAL STANDARD BOOK NUMBER | |
| International Standard Book Number | 978-1780677538 |
| 082 ## - DEWEY DECIMAL CLASSIFICATION NUMBER | |
| Classification number | 720.72 |
| Item number | LUC |
| 100 ## - MAIN ENTRY--PERSONAL NAME | |
| Personal name | Lucas, Raymond |
| Fuller form of name | Lucas, Ray |
| 245 ## - TITLE STATEMENT | |
| Title | Research methods for architecture |
| 260 ## - PUBLICATION, DISTRIBUTION, ETC. (IMPRINT) | |
| Name of publisher, distributor, etc | Laurence King Publishing |
| 260 ## - PUBLICATION, DISTRIBUTION, ETC. (IMPRINT) | |
| Date of publication, distribution, etc | 2016 |
| 300 ## - PHYSICAL DESCRIPTION | |
| Extent | 208 |
| 942 ## - ADDED ENTRY ELEMENTS (KOHA) | |
| Source of classification or shelving scheme | |
| Withdrawn status | Lost status | Source of classification or shelving scheme | Damaged status | Koha normalized classification for sorting | Not for loan | Permanent location | Current location | Date acquired | Cost, normal purchase price | Total Checkouts | Full call number | Barcode | Date last seen | Date last borrowed | Price effective from | Koha item type |
|---|---|---|---|---|---|---|---|---|---|---|---|---|---|---|---|---|
| 720_720000000000000_LUC | BMS College of Architecture, Design and Planning | BMS College of Architecture, Design and Planning | 2020-03-03 | 2002.50 | 3 | 720.72 LUC | AR-RD11 | 2026-02-10 | 2026-01-28 | 2020-03-03 | R&D Books | |||||
| 720_720000000000000_LUC | BMS College of Architecture, Design and Planning | BMS College of Architecture, Design and Planning | 2020-03-03 | 2002.50 | 1 | 720.72 LUC | AR-RD12 | 2026-02-10 | 2026-01-28 | 2020-03-03 | R&D Books | |||||
| 720_720000000000000_LUC | BMS College of Architecture, Design and Planning | BMS College of Architecture, Design and Planning | 2020-03-03 | 2002.50 | 2 | 720.72 LUC | AR-RD13 | 2022-09-10 | 2022-08-26 | 2020-03-03 | R&D Books | |||||
| 720_720000000000000_LUC | BMS College of Architecture, Design and Planning | BMS College of Architecture, Design and Planning | 2020-03-03 | 2002.50 | 1 | 720.72 LUC | AR-RD14 | 2026-02-03 | 2026-01-22 | 2020-03-03 | R&D Books |